Race-to-Nine Word Puzzle #15 - Statistics

General Stats
  • This quiz has been taken 2,095 times
  • The average score is 4 of 7
Answer Stats
# Answer % Correct
3 Sir, Sri
100%
4 Airs, Rais, Rias, Sari
98%
5 Airts, Astir, Sitar, Stair, Stria, Tarsi
93%
6 Trails, Trials
79%
7 Rituals
21%
8 Altruism, Muralist, Ultraism
13%
9 Simulator
6%
No matching quizzes found
Score Distribution
Percent of People with Each Score
Percentile by Number Answered
Your Score History
You have not taken this quiz